NZ Cities Multiple Choice - Statistics

General Stats
  • This quiz has been taken 220 times
  • The average score is 10 of 15
Answer Stats
Question Answer % Correct
What's the most populous city in NZ? Auckland
97%
What city is NOT located on the North Island? Nelson
92%
L&P stands for Lemon and ... Paeroa
87%
Which one's bigger? Hamilton
79%
What city's name can literally be translated as "the love"? Te Aroha
79%
What town is NOT located on the West Coast of the South Island? Motueka
71%
The landmark of which city on SH1 features a giant gumboot? Taihape
68%
What city's name means "two lakes"? Rotorua
63%
The only town on Stewart Island is called ... ? Oban
61%
Which one's further west? Auckland
58%
What town was probably most influenced by the French? Akaroa
55%
Balclutha is located between Dunedin and ... ? Invercargill
55%
What town can be found on Coromandel Peninsula? Whitianga
55%
Which settlement is closest to Lake Tekapo? Twizel
45%
In which town might one get a unique passport stamp from a self-declared republic? Whangamomona
37%
No matching quizzes found
Score Distribution
Percent of People with Each Score
Percentile by Number Answered
Your Score History
You have not taken this quiz